LEADER 01703nam0 22003853i 450 001 PAL0196159 005 20231121125605.0 100 $a20030612d1951 ||||0itac50 ba 101 | $aita$cger 102 $ait 181 1$6z01$ai $bxxxe 182 1$6z01$an 200 1 $aLevana$fGian Paolo F. Richter$ga cura di Saul Darchini 210 $aTorino$cUnione tipografico-editrice torinese$dstampa 1951 215 $a364 p., [1] c. di tav., ritr.$d18 cm 225 | $a˜I œgrandi scrittori stranieri$v26 410 0$1001RAV0145913$12001 $a˜I œgrandi scrittori stranieri$v26 500 10$aLevana, oder Erziehungslehre$3LIA0057214$9VEAV008545$93612496 676 $a833.6$9Narrativa Tedesca. 1750-1830$v21 700 0$aJean Paul$3VEAV008545$4070$0175043 702 1$aDarchini$b, Saul$3MILV084411 790 1$aRichter$b, Johann Paul Friedrich$3CFIV145863$zJean Paul 790 1$aRichter$b, Jean Paul$f <1763-1825>$3CFIV145864$zJean Paul 790 1$aPaul$b, Jean$c $3CFIV145865$zJean Paul 790 1$aRichter$b, Jean Paul Friedrich$3RAVV100798$zJean Paul 801 3$aIT$bIT-01$c20030612 850 $aIT-RM0289 $aIT-FR0084 $aIT-FR0017 899 $aBiblioteca Statale A. Baldini$bRM0289 899 $aBiblioteca Del Monumento Nazionale Di Montecassino$bFR0084 899 $aBiblioteca umanistica Giorgio Aprea$bFR0017 912 $aPAL0196159 950 0$aBiblioteca umanistica Giorgio Aprea$d 52MAG 5 COLL M 26$e 52MAG0000058145 VMB RS $fA $h20121129$i20121129 977 $a 04$a 25$a 52 996 $aLevana, oder Erziehungslehre$93612496 997 $aUNICAS LEADER 02521nam0 22004211i 450 001 UON00073899 005 20231205102401.592 100 $a20020107d1993 |0itac50 ba 101 $aita$aARA 102 $aIT 105 $a||||e ||||| 200 1 $aˆar-‰Rafiq$dDizionario italiano-arabo$fFathi Makboul 205 $aEd. aggiornata 210 $a[Italia]$cLibro Italiano$dc1993 215 $a596 p.$d24 cm 316 $aloc. in sala di lettura$5IT-UONSI LESS*/068 316 $aloc. in sala di lettura$5IT-UONSI LESS*/069 316 $aloc. in sala di lettura$5IT-UONSI LESS*/070 316 $aloc. in sala di lettura$5IT-UONSI LESS*/071 510 1$3UON00359261$aDizionario Italiano-arabo 606 $aLingua araba$xDizionari italiani$3UONC018366$2FI 620 $ds.l.$3UONL001369 676 $a492.7351$cLINGUA ARABA - Dizionari italiani$v21 700 1$aMAKBOUL$bFathi$3UONV045175$0658139 712 $aLibro Italiano$3UONV257747$4650 790 1$aMAQBUL, Fathi$zMAKBOUL, Fathi$3UONV066131 801 $aIT$bSOL$c20250502$gRICA 912 $aUON00073899 950 $aSIBA - SISTEMA BIBLIOTECARIO DI ATENEO$dSI CONS ARA II A 011 $eSI 6365 7 011 950 $aSIBA - SISTEMA BIBLIOTECARIO DI ATENEO$dSI * 068 $eSI AA 16383 7 068 loc. in sala di lettura 950 $aSIBA - SISTEMA BIBLIOTECARIO DI ATENEO$dSI * 069 $eSI AA 18105 7 069 loc. in sala di lettura 950 $aSIBA - SISTEMA BIBLIOTECARIO DI ATENEO$dSI * 070 $eSI AA 18106 7 070 loc. in sala di lettura 950 $aSIBA - SISTEMA BIBLIOTECARIO DI ATENEO$dSI * 071 $eSI AA 18107 7 071 loc. in sala di lettura 950 $aSIBA - SISTEMA BIBLIOTECARIO DI ATENEO$dSI * 072 $eSI AA 18108 5 072 950 $aSIBA - SISTEMA BIBLIOTECARIO DI ATENEO$dSI * 073 $eSI AA 18109 5 073 950 $aSIBA - SISTEMA BIBLIOTECARIO DI ATENEO$dSI * 074 $eSI AA 26957 7 074 996 $aRafiq$91159566 997 $aUNIOR